000 00853nam a2200241Ia 4500
003 GCL
008 140319s9999 xx 000 0 ara d
020 _a0108329957
040 _aGCL /
_cGCL
082 0 4 _a371.1024
_bم م
100 1 _aمحمد عوض الترتورى
245 1 0 _aالمعلم الجديد :
_bدليل المعلم فى الادارة الصفية الفعالة /
_cمحمد عوض الترتورى
700 1 _aمحمد فرحان القضاة
250 _aالاولى
260 _aالاردن :
_bدار الحامد للنشر والتوزيع ،
_c2006
300 _a455 ص ؛
_c24 سم
650 0 4 _aالتعليم
650 0 4 _aالمدرسون
650 0 4 _aالمدرسون - تدريب
650 0 4 _aالمدارس - تنظيم وادارة
650 0 4 _aالفصول الدراسية
942 _2ddc
_cBK
999 _c8527
_d8527